000 00464nam a2200181Ia 4500
001 10445
005 20260306161832.0
008 260306t2023||||xx |||||||||||||| ||spa||
041 _aESP
082 _a929.2098542
_bC14
100 _aCáceres Angulo, Luis Ernesto,
_eAUT
245 0 _aGenealogía arequipeña :
_bpor mis cuatro costados
260 _c2023
300 _a884 páginas :
_c24 cm.
650 _aGEN
654 _aCHU
942 _cLIB
_dJUS
_fJUS
_2ddc
_n
999 _c10445
_d10445